000 00473nam a22001217a 4500
999 _c9928
_d9928
003 OSt
008 201217b ||||| |||| 00| 0 eng d
245 _aJIMS 8M : International Journal of Indian Management and Strategy
250 _a2016(Jan-Mar Vol.21 No.1, Oct-Dec Vol.21 No.4, Jul-Sep Vol.21 No.3, Apr-Jun Vol.21 No.2)
260 _aNew Delhi
_bJagannath International Management School and Jagan Institute of Management Studies
650 _aManagement
942 _2ddc
_cBV